Analysing twenty-first Century British English : (رقم التسجيلة. 34999)
[ عرض عادي ]
| 000 -الفاتح | |
|---|---|
| حقل البيانات ثابتة الطول | 01413cam a22003498i 4500 |
| 001 - رقم الضبط | |
| رقم الضبط | 17549971 |
| 003 - محدد رقم الضبط | |
| رقم الضبط | OSt |
| 005 - وقت وتاريخ اخر تعامل مع التسجيلة | |
| رقم الضبط | 20150408114217.0 |
| 008 - عناصر البيانات ثابتة الطول - معلومات عامة | |
| حقل البيانات ثابتة الطول | 121205s2013 enka g 001 0 eng |
| 020 ## - الرقم الدولى المعيارى للكتب | |
| الرقم الدولى المعيارى للكتاب | 9780415694421 (hardback) |
| 020 ## - الرقم الدولى المعيارى للكتب | |
| الرقم الدولى المعيارى للكتاب | 9780415694438 (pbk.) |
| 020 ## - الرقم الدولى المعيارى للكتب | |
| الرقم الدولى المعيارى للكتاب | 9780203512913 (ebook) |
| 040 ## - مصدر الفهرسة | |
| وكالة الفهرسة الأصلية | Ma-Un |
| 043 ## - رمز المنطقة الجغرافية | |
| رمز المنطقة الجغرافية | e-uk--- |
| 082 00 - رقم تصنيف ديوى العشرى | |
| رقم الطبعة | 22 |
| رقم التصنيف | 427.94109051 |
| رقم المادة | ANT |
| 245 00 - بيان العنوان | |
| العنوان | Analysing twenty-first Century British English : |
| بقية العنوان | Conceptual and methodological aspects of the Voices project / |
| بيان المسئوليه,etc | Edited by Clive Upton, Bethan L. Davies. |
| 250 ## - بيان الطبعة | |
| بيان الطبعة | 1st. ed. |
| 260 ## - PUBLICATION, DISTRIBUTION, ETC. (IMPRINT) | |
| مكان الناشر او الموزع | London ; |
| -- | New York : |
| اسم الناشر او الموزع | Routledge, |
| تاريخ النشر أو التوزيع | 2013 |
| 300 ## - الوصف المادى | |
| التعداد | xi, 225 p. : |
| تفاصيل ماديه اخرى للوعاء | ill. ; |
| أبعاد الوعاء | 24 cm. |
| 610 ## - المدخل الاضافى بالموضوع-اسم هيئة | |
| اسم الهيئة أو اسم السلطة كمدخل | British Broadcasting Corporation |
| التقسيم الفرعي العام | History |
| التقسيم الفرعي الزمني | 21st century |
| 9 (RLIN) | 44930 |
| 650 ## - المدخل الاضافى بالموضوع-مصطلح موضوعى | |
| مصطلح موضوعي أو اسم جغرافي كعنصر مدخل | English language |
| التقسيم الفرعي العام | Dialects |
| التقسيم الفرعي الجغرافي | Great Britain |
| 9 (RLIN) | 44931 |
| 650 ## - المدخل الاضافى بالموضوع-مصطلح موضوعى | |
| مصطلح موضوعي أو اسم جغرافي كعنصر مدخل | English language |
| التقسيم الفرعي العام | Variation |
| التقسيم الفرعي الجغرافي | Great Britain |
| 9 (RLIN) | 44932 |
| 650 ## - المدخل الاضافى بالموضوع-مصطلح موضوعى | |
| مصطلح موضوعي أو اسم جغرافي كعنصر مدخل | English language |
| التقسيم الفرعي العام | Great Britain |
| -- | Discourse analysis |
| 9 (RLIN) | 44933 |
| 650 ## - المدخل الاضافى بالموضوع-مصطلح موضوعى | |
| مصطلح موضوعي أو اسم جغرافي كعنصر مدخل | English language |
| التقسيم الفرعي الجغرافي | Great Britain |
| التقسيم الفرعي العام | Phonology |
| 9 (RLIN) | 44934 |
| 650 ## - المدخل الاضافى بالموضوع-مصطلح موضوعى | |
| مصطلح موضوعي أو اسم جغرافي كعنصر مدخل | English language |
| التقسيم الفرعي العام | Social aspects |
| التقسيم الفرعي الجغرافي | Great Britain |
| 9 (RLIN) | 44747 |
| 650 ## - المدخل الاضافى بالموضوع-مصطلح موضوعى | |
| مصطلح موضوعي أو اسم جغرافي كعنصر مدخل | English language |
| التقسيم الفرعي العام | Syntax. |
| 9 (RLIN) | 44935 |
| 651 #0 - المدخل الاضافى بالموضوع - اسم جغرافى | |
| الاسم الجغرافي | Great Britain |
| التقسيم الفرعي العام | Languages |
| 9 (RLIN) | 44936 |
| 700 1# - المدخل الاضافى - اسم شخصى | |
| الإسم الشخصى | Upton, Clive, |
| التواريخ المصاحبة للاسم | 1946- |
| 9 (RLIN) | 44937 |
| 700 1# - المدخل الاضافى - اسم شخصى | |
| الإسم الشخصى | Davies, Bethan L., |
| 9 (RLIN) | 44938 |
| 942 ## - | |
| -- | ddc |
| -- | BOOK |
| 999 ## - | |
| -- | 34999 |
| -- | 269499 |
| حالة الفقد | نموذج السعر الفعال | حالة تلف | ليس للاعارة | رقم الطلب | رقم النسخة | تاريخ الاكتساب | مصدر التزويد | Serial Enumeration / chronology | الباركود | الفرع الرئيسي | Date last seen | نوع المادة فى نظام كوها | مصدر التصنيف او خطة الترفيف | Total Checkouts | Date last checked out |
|---|---|---|---|---|---|---|---|---|---|---|---|---|---|---|---|
| 2014-05-13 | Not For Loan | 427.94109051 ANT | 1 | 2014-05-13 | دار العرب | SRF | 00210876 | مكتبة كلية العلوم و الدراسات الإنسانية برماح - طالبات (SRF) | 2014-05-13 | كتاب | Dewey Decimal Classification | ||||
| 2014-05-13 | 427.94109051 ANT | 2 | 2014-05-13 | دار العرب | SRF | 00210875 | مكتبة كلية العلوم و الدراسات الإنسانية برماح - طالبات (SRF) | 2016-05-24 | كتاب | Dewey Decimal Classification | 1 | 2016-01-26 | |||
| 2014-05-13 | Not For Loan | 427.94109051 ANT | 1 | 2014-05-13 | دار العرب | SRM | 00210873 | مكتبة كلية العلوم و الدراسات الإنسانية برماح - طلاب (SRM) | 2014-05-13 | كتاب | Dewey Decimal Classification | ||||
| 2014-05-13 | 427.94109051 ANT | 2 | 2014-05-13 | دار العرب | SRM | 00210874 | مكتبة كلية العلوم و الدراسات الإنسانية برماح - طلاب (SRM) | 2014-05-13 | كتاب | Dewey Decimal Classification |
